000 00421nam a2200169Ia 4500
003 GCL
008 140319s9999 xx 000 0 eng d
040 _aGCL /
_cGCL
082 0 4 _a746.66
_bD C
100 1 _aDEAN, JENNY
245 1 0 _aTHE CRAFT OF NATURAL DYEING /
_cDEAN, JENNY
260 _a[S.N] :
_bSEARCH PRESS ،
_c1994
300 _a64
650 0 4 _aNATURAL DYEING
650 0 4 _aNATURAL DYING
942 _2ddc
_cBK
999 _c24681
_d24681